000 01240nam a2200289 a 4500
005 20160627151233.0
008 141020s2007 ec adb gr 00110 spa d
040 _aCO-BoBLA
_cCO-BoBLA
_dCO-BoIAVH
041 0 _aspa
044 _aec
082 0 4 _a320.9866
_bC84a
245 0 0 _aCotopaxi :
_bespacio social y cambio político /
_cEloy Alfaro Reyes, Ana María Larrea Maldonado, Galo Ramón Valarezo [y otro].
260 _aQuito :
_bCamaren :
_bInstituto de Estudios Ecuatorianos,
_c2007.
300 _a203 páginas :
_bilustraciones, mapas y gráficos ;
_c30 x 21 cm.
504 _aIncluye referencias bibliográficas: páginas 202-203.
650 4 _aMovimientos sociales
_zCotopaxi (Ecuador)
650 4 _aIndígenas de Ecuador
_xRelaciones con el gobierno.
651 4 _aCotopaxi (Ecuador)
_x Política y gobierno.
700 1 _aAlfaro Reyes, Eloy,
_d1970-
_eautor
700 1 _aLarrea Maldonado, Ana María
_eautora
700 1 _aValarezo, Galo Ramón
_eautor
700 1 _aVallejo, María Fernanda
_eautora
700 1 _aViera Corral, Marjorie.
_eautora
700 1 _aBonilla, Ángel
_eeditor
700 1 _aOspina, Pablo
_eeditor
942 _2ddc
_cLIBRO
999 _c18836
_d18836